=LDR 00000nam 2200000 4500 =001 INLIS000000000019185 =005 20201211100324 =035 ##$$a 0010-061300000019185 =008 201211################g##########0#ind## =041 ##$$a Ind =082 ##$$a 330.959 8 =090 ##$$a 330.959 8, Kan k =100 ##$$a Kanumoyoso, Bondan =245 1#$$a Menguatnya peran ekonomi negara : $b Nasionalisasi perusahaan belanda di Indonesia /$c Bondan Kanumoyoso =260 ##$$a Jakarta :$b Pustaka Sinar Harapan,$c 2001 =300 ##$$a xxi, 141 hlm : $b Ilus ; $c 20 x 15 cm =650 #4$$a Indonesia-Keadaan Ekonomi =850 ##$$a NBPNMAT =020 ##$$a 979-416-693-6 =084 ##$$a 330.959 8 KAN m =504 ##$$a Bibliografi: hal 109-117 =990 ##$$a 20603144 =990 ##$$a 20603145 =990 ##$$a 20603147 =990 ##$$a 20603146